[Event "WchT Blitz Pool B"]
[Site "London"]
[Date "2025.06.14"]
[Round "6.4"]
[White "Dominguez Perez, Leinier"]
[Black "Wanyama, Harold"]
[Result "1-0"]
[WhiteElo "2738"]
[BlackElo "2143"]
[PlyCount "101"]
[EventDate "2025.06.14"]
[EventType "team-tourn"]
[EventRounds "13"]
[EventCountry "ENG"]
[SourceTitle "CB25_2025"]
[SourceDate "2025.06.18"]
[SourceVersion "1"]
[SourceVersionDate "2025.06.18"]
[SourceQuality "1"]
[WhiteTeam "Hexamind Team"]
[BlackTeam "Mother Continent"]
[WhiteTeamCountry "USA"]
[BlackTeamCountry "RSA"]

1. e4 c5 2. Nf3 e6 3. d4 cxd4 4. Nxd4 Nc6 5. Nc3 Qc7 6. Be2 a6 7. Nxc6 bxc6 8. Qd3 Nf6 9. Qg3 Qxg3 10. hxg3 Bb4 11. Bd2 e5 12. g4 Bxc3 13. Bxc3 d6 14. f3 Ke7 15. 0-0-0 Be6 16. g5 Nd7 17. f4 f6 18. gxf6+ gxf6 19. Rh4 Rag8 20. Bf3 exf4 21. Rxf4 Ne5 22. Rf1 Rg6 23. Rf2 Rhg8 24. Rh4 R8g7 25. b3 Nxf3 26. gxf3 d5 27. Rfh2 Bg8 28. Rf4 Rf7 29. Rh5 Ke6 30. exd5+ cxd5 31. Ra4 Ra7 32. Kb2 Rg3 33. Rf4 Rf7 34. Rhf5 Rg6 35. a4 h6 36. Rh5 Rh7 37. Rb4 Ra7 38. Rb6+ Kf7 39. Rf5 Kg7 40. Rfxf6 Rxf6 41. Rxf6 Kh7 42. Bd2 Rf7 43. Rxh6+ Kg7 44. Rxa6 Rxf3 45. Bc3+ Kh7 46. Ra7+ Bf7 47. a5 Kh6 48. a6 Bg6 49. Rc7 Rf2 50. Bd4 Rf7 51. Rxf7 1-0

[Event "WchT Rapid"]
[Site "London"]
[Date "2025.06.12"]
[Round "8.2"]
[White "Harikrishna, Pentala"]
[Black "Dominguez Perez, Leinier"]
[Result "0-1"]
[WhiteElo "2634"]
[BlackElo "2708"]
[PlyCount "76"]
[EventDate "2025.06.11"]
[EventType "team-swiss"]
[EventRounds "12"]
[EventCountry "ENG"]
[SourceTitle "CB25_2025"]
[SourceDate "2025.06.18"]
[SourceVersion "1"]
[SourceVersionDate "2025.06.18"]
[SourceQuality "1"]
[WhiteTeam "Team MGD1"]
[BlackTeam "Hexamind Team"]
[WhiteTeamCountry "IND"]
[BlackTeamCountry "USA"]

1. Nf3 Nf6 2. g3 c5 3. c4 Nc6 4. Bg2 d5 5. cxd5 Nxd5 6. Nc3 Nc7 7. 0-0 e5 8. d3 Be7 9. Nd2 Bd7 10. Nc4 f6 11. Be3 0-0 12. Qb3 Kh8 13. a4 Rb8 14. Rfe1 Be6 15. Rac1 Na6 16. Qa3 Nd4 17. Nb5 Nb4 18. Bxd4 cxd4 19. Nxa7 Nc2 20. Rxc2 Bxa3 21. Nb5 Bb4 22. Rec1 Bd5 23. Bh3 Ra8 24. b3 Bc6 25. Bf5 Bxb5 26. axb5 Bc3 27. Be4 Qd7 28. b6 Ra6 29. e3 Qd8 30. Bxb7 Rxb6 31. Nxb6 Qxb6 32. Bd5 Rd8 33. Bc4 f5 34. Ra2 Qb7 35. exd4 Bxd4 36. Be6 f4 37. gxf4 exf4 38. Ra4 Bxf2+ 0-1

[Event "WchT Rapid"]
[Site "London"]
[Date "2025.06.12"]
[Round "6.3"]
[White "Lu, Miaoyi"]
[Black "Dominguez Perez, Leinier"]
[Result "0-1"]
[WhiteElo "2240"]
[BlackElo "2708"]
[PlyCount "86"]
[EventDate "2025.06.11"]
[EventType "team-swiss"]
[EventRounds "12"]
[EventCountry "ENG"]
[SourceTitle "CB25_2025"]
[SourceDate "2025.06.18"]
[SourceVersion "1"]
[SourceVersionDate "2025.06.18"]
[SourceQuality "1"]
[WhiteTeam "Turkish Airlines Sports"]
[BlackTeam "Hexamind Team"]
[WhiteTeamCountry "TUR"]
[BlackTeamCountry "USA"]

1. e4 c5 2. Nf3 d6 3. Nc3 Nf6 4. Be2 a6 5. a4 Nc6 6. d4 cxd4 7. Nxd4 g6 8. Be3 Bg7 9. 0-0 0-0 10. Qd2 Bd7 11. Nb3 Na5 12. f3 Rc8 13. Nxa5 Qxa5 14. Rfd1 Rfe8 15. Bf1 h5 16. Qf2 Qb4 17. Bd4 e5 18. Na2 Qxa4 19. b3 Qc6 20. Nb4 Qc7 21. Be3 Be6 22. c4 Bf8 23. Bb6 Qb8 24. Ba7 Qc7 25. Bb6 Qe7 26. Ra5 Bh6 27. Qe2 Nd7 28. Bf2 Nc5 29. Bxc5 dxc5 30. Nd5 Bxd5 31. Rxd5 Red8 32. Ra1 Rxd5 33. exd5 h4 34. Re1 Re8 35. Qf2 b6 36. Bd3 Bf4 37. Qa2 Qg5 38. Qxa6 Bxh2+ 39. Kh1 Bf4 40. Ra1 Qg3 41. Kg1 Be3+ 42. Kh1 h3 43. Qa2 Kg7 0-1

[Event "WchT Rapid"]
[Site "London"]
[Date "2025.06.12"]
[Round "7.3"]
[White "Nakamura, Hikaru"]
[Black "Dominguez Perez, Leinier"]
[Result "1/2-1/2"]
[WhiteElo "2734"]
[BlackElo "2708"]
[PlyCount "73"]
[EventDate "2025.06.11"]
[EventType "team-swiss"]
[EventRounds "12"]
[EventCountry "ENG"]
[SourceTitle "CB25_2025"]
[SourceDate "2025.06.18"]
[SourceVersion "1"]
[SourceVersionDate "2025.06.18"]
[SourceQuality "1"]
[WhiteTeam "WR Chess"]
[BlackTeam "Hexamind Team"]
[WhiteTeamCountry "GER"]
[BlackTeamCountry "USA"]

1. e4 e5 2. Nf3 Nc6 3. Bb5 Nf6 4. d3 Bc5 5. c3 0-0 6. 0-0 d6 7. Be3 Bxe3 8. fxe3 Ne7 9. Ba4 Ng6 10. Nbd2 c6 11. Bb3 Qe7 12. Qe1 Be6 13. Nh4 Nxh4 14. Qxh4 Bxb3 15. axb3 Rfe8 16. b4 a6 17. Rf5 Nd7 18. Qg3 f6 19. h4 Nf8 20. Raf1 Kh8 21. h5 h6 22. Nf3 a5 23. bxa5 Rxa5 24. d4 Raa8 25. Nh4 exd4 26. exd4 Qxe4 27. R5f2 Qe3 28. Qxd6 Ra5 29. Nf3 Qe7 30. Qh2 Qd7 31. Nh4 Nh7 32. Nf5 Ng5 33. Qd6 Qf7 34. Qb4 Qc7 35. Qd6 Qf7 36. Qb4 Qc7 37. Qd6 1/2-1/2

[Event "Chess.com Classic Play In"]
[Site "Chess.com INT"]
[Date "2025.05.19"]
[Round "4"]
[White "Dominguez Perez, Leinier"]
[Black "Bachmann, Axel"]
[Result "0-1"]
[WhiteElo "2738"]
[BlackElo "2570"]
[PlyCount "114"]
[EventDate "2025.05.19"]
[EventType "swiss (blitz)"]
[EventRounds "9"]
[EventCountry "USA"]
[SourceTitle "CB21_2025"]
[SourceDate "2025.05.21"]
[SourceVersion "1"]
[SourceVersionDate "2025.05.21"]
[SourceQuality "1"]

1. e4 c5 2. Nf3 e6 3. d4 cxd4 4. Nxd4 Nc6 5. Nc3 Qc7 6. Be2 a6 7. Nxc6 bxc6 8. Qd3 d5 9. Qg3 Qxg3 10. hxg3 Nf6 11. g4 Bb4 12. Bd2 a5 13. a3 Be7 14. g5 Nd7 15. 0-0-0 Ba6 16. Bxa6 Rxa6 17. Rh3 Nc5 18. Be3 Nd7 19. Rdh1 d4 20. Bxd4 Bxg5+ 21. Kb1 e5 22. Be3 Bxe3 23. Rxe3 Nc5 24. Nd1 Ke7 25. f3 h6 26. Rc3 Ne6 27. Ne3 Rd8 28. Rd1 Rxd1+ 29. Nxd1 h5 30. Ne3 g6 31. Rb3 Ra7 32. Rb8 Nf4 33. Kc1 Rd7 34. b4 axb4 35. Rxb4 h4 36. Rb8 Rd8 37. Rb7+ Rd7 38. Rb8 Rd8 39. Rb7+ Ke6 40. Rc7 Nxg2 41. Ng4 Rd6 42. a4 f5 43. exf5+ gxf5 44. Nf2 Rd4 45. Rxc6+ Kd5 46. Rf6 Rf4 47. a5 Rxf3 48. Nd3 e4 49. Nb4+ Ke5 50. Rf8 h3 51. a6 h2 52. Rh8 Rf1+ 53. Kb2 h1Q 54. Rxh1 Rxh1 55. a7 Rh8 56. Nc6+ Kd6 57. Nb8 Kc7 0-1

[Event "Chess.com Classic Play In"]
[Site "Chess.com INT"]
[Date "2025.05.19"]
[Round "7"]
[White "Gabrielian, Artur"]
[Black "Dominguez Perez, Leinier"]
[Result "0-1"]
[WhiteElo "2419"]
[BlackElo "2738"]
[PlyCount "64"]
[EventDate "2025.05.19"]
[EventType "swiss (blitz)"]
[EventRounds "9"]
[EventCountry "USA"]
[SourceTitle "CB21_2025"]
[SourceDate "2025.05.21"]
[SourceVersion "1"]
[SourceVersionDate "2025.05.21"]
[SourceQuality "1"]

1. e4 c5 2. Nf3 d6 3. d4 cxd4 4. Nxd4 Nf6 5. Nc3 a6 6. f4 e5 7. Nf3 Nbd7 8. a4 Be7 9. a5 0-0 10. Bd3 Qc7 11. g4 exf4 12. g5 Nh5 13. Nd5 Qd8 14. Rg1 g6 15. Nxf4 Nxf4 16. Bxf4 Nc5 17. Qd2 Be6 18. Nd4 Rc8 19. Rg3 d5 20. e5 Ne4 21. Bxe4 dxe4 22. Nxe6 fxe6 23. Ra4 Qxd2+ 24. Bxd2 Rxc2 25. Rxe4 Rxb2 26. Rd3 Rb5 27. Rd7 Rf7 28. h4 Bxg5 29. Rxf7 Bxd2+ 30. Kxd2 Kxf7 31. Rc4 Rxa5 32. Rc7+ Kg8 0-1

[Event "Chess.com Classic Play In"]
[Site "Chess.com INT"]
[Date "2025.05.19"]
[Round "5"]
[White "Matinian, Nikita"]
[Black "Dominguez Perez, Leinier"]
[Result "0-1"]
[WhiteElo "2420"]
[BlackElo "2738"]
[PlyCount "88"]
[EventDate "2025.05.19"]
[EventType "swiss (blitz)"]
[EventRounds "9"]
[EventCountry "USA"]
[SourceTitle "CB21_2025"]
[SourceDate "2025.05.21"]
[SourceVersion "1"]
[SourceVersionDate "2025.05.21"]
[SourceQuality "1"]

1. e4 c5 2. Nf3 d6 3. Bb5+ Nd7 4. 0-0 a6 5. Be2 Ngf6 6. d3 g6 7. c4 b6 8. Nc3 Bb7 9. Rb1 Bg7 10. b4 0-0 11. bxc5 dxc5 12. Qb3 e6 13. a4 Bc6 14. h3 Qc7 15. Be3 Rab8 16. Rfc1 Nh5 17. d4 cxd4 18. Nxd4 Ba8 19. Bxh5 gxh5 20. Qd1 Nc5 21. Qxh5 Nxe4 22. Rb3 Rfd8 23. Nce2 Nc5 24. Ra3 Qe5 25. Qh4 Qe4 26. Qg3 Qg6 27. Bg5 f6 28. Bh4 e5 29. Nc2 Rd2 30. Ned4 Rd8 31. Qxg6 hxg6 32. Nb3 Rd1+ 33. Rxd1 Rxd1+ 34. Kh2 Bf8 35. Nxc5 Bxc5 36. Rb3 g5 37. Bg3 a5 38. Ne3 Rd2 39. Ng4 Kf7 40. h4 gxh4 41. Bxh4 Rd4 42. f3 Rxc4 43. Bxf6 Rxg4 44. fxg4 Kxf6 0-1

[Event "American Cup Blitz"]
[Site "Saint Louis"]
[Date "2025.03.24"]
[Round "1"]
[White "Dominguez Perez, Leinier"]
[Black "Sargsyan, Anna M"]
[Result "0-1"]
[WhiteElo "2741"]
[BlackElo "2357"]
[PlyCount "104"]
[EventDate "2025.03.24"]
[EventType "swiss (blitz)"]
[EventRounds "9"]
[EventCountry "USA"]
[SourceTitle "CB14_2025"]
[SourceDate "2024.11.01"]
[SourceVersion "1"]
[SourceVersionDate "2024.11.01"]
[SourceQuality "1"]

1. e4 e5 2. Nf3 Nc6 3. Bc4 Bc5 4. c3 Nf6 5. d3 d6 6. 0-0 0-0 7. Re1 h6 8. h3 a6 9. a4 Ba7 10. Nbd2 Be6 11. Bxe6 fxe6 12. b4 Ne7 13. Ra2 Ng6 14. Nf1 Qe8 15. N1h2 Nh5 16. Be3 Bxe3 17. Rxe3 Nhf4 18. h4 d5 19. g3 dxe4 20. Rxe4 Nd5 21. Qb3 Qc6 22. Rc2 Rf5 23. Rc4 Qd6 24. Re2 Raf8 25. Nd2 Ngf4 26. gxf4 Nxf4 27. Rxf4 Rxf4 28. Qc2 c5 29. Ne4 Qe7 30. bxc5 Qxh4 31. Re3 R4f5 32. Qe2 Rh5 33. f3 Rhf5 34. Qf2 Qd8 35. Nd6 Rg5+ 36. Kf1 Qa5 37. Qd2 Rh5 38. Ne4 Qxa4 39. Kg2 Qe8 40. Ng4 Qg6 41. Re1 Rhf5 42. Re3 h5 43. Nef2 hxg4 44. Nxg4 Rf4 45. Qe2 Rxf3 46. Rxf3 Qxg4+ 47. Kf2 Qxf3+ 48. Qxf3 Rxf3+ 49. Kxf3 Kf7 50. Ke4 Kf6 51. d4 exd4 52. Kxd4 g5 0-1

[Event "American Cup Elim"]
[Site "Saint Louis"]
[Date "2025.03.19"]
[Round "2.2"]
[White "Sevian, Samuel"]
[Black "Dominguez Perez, Leinier"]
[Result "1-0"]
[WhiteElo "2692"]
[BlackElo "2741"]
[PlyCount "91"]
[EventDate "2025.03.17"]
[EventType "k.o."]
[EventRounds "4"]
[EventCountry "USA"]
[SourceTitle "CB13_2025"]
[SourceDate "2025.03.26"]
[SourceVersion "1"]
[SourceVersionDate "2025.03.26"]
[SourceQuality "1"]

1. e4 e5 2. Nf3 Nc6 3. Bc4 Bc5 4. c3 Nf6 5. d3 d6 6. Bg5 h6 7. Bh4 a6 8. Nbd2 Ba7 9. 0-0 g5 10. Bg3 0-0 11. a4 Kg7 12. Rc1 Ne7 13. d4 Nh5 14. dxe5 Nxg3 15. hxg3 dxe5 16. Nxe5 Qd6 17. Nxf7 Rxf7 18. Bxf7 Kxf7 19. Kh1 g4 20. Qb3+ Kg7 21. Rcd1 Qc6 22. Qa3 Qe8 23. Nb3 Nc6 24. Nd4 Bd7 25. Rfe1 Nxd4 26. cxd4 Bxa4 27. Rc1 Bxd4 28. Rxc7+ Kg8 29. Qd6 Be5 30. Qd5+ Kh8 31. Rc5 Bg7 32. Qxb7 Bd4 33. Rf5 Bd7 34. Rf4 Be5 35. Rf7 Bc6 36. Qb3 Rb8 37. Qc4 Bb5 38. Qa2 Bd7 39. Qd5 Bc6 40. Qc4 Bb5 41. Qa2 Bd7 42. Qd5 Bc6 43. Qc5 Bxb2 44. Re7 Qf8 45. Rb1 Qxf2 46. Qxf2 1-0

[Event "American Cup Elim"]
[Site "Saint Louis"]
[Date "2025.03.19"]
[Round "2.4"]
[White "Sevian, Samuel"]
[Black "Dominguez Perez, Leinier"]
[Result "0-1"]
[WhiteElo "2692"]
[BlackElo "2741"]
[PlyCount "124"]
[EventDate "2025.03.17"]
[EventType "k.o."]
[EventRounds "4"]
[EventCountry "USA"]
[SourceTitle "CB13_2025"]
[SourceDate "2025.03.26"]
[SourceVersion "1"]
[SourceVersionDate "2025.03.26"]
[SourceQuality "1"]

1. e4 c5 2. c3 Nf6 3. e5 Nd5 4. d4 cxd4 5. Nf3 d6 6. cxd4 dxe5 7. dxe5 Nc6 8. Bc4 Ndb4 9. Qb3 e6 10. 0-0 Na5 11. Bb5+ Bd7 12. Qa4 Bxb5 13. Qxb5+ Nac6 14. Nc3 a6 15. Qe2 Qd3 16. Rd1 Qxe2 17. Nxe2 Be7 18. a3 Nd5 19. Nf4 Nc7 20. Be3 g5 21. Nh5 h6 22. h3 Nd5 23. Rd3 0-0-0 24. Rc1 Kb8 25. Bc5 Bxc5 26. Rxc5 Nb6 27. Rb3 Ka7 28. Nf6 Rd1+ 29. Kh2 Rhd8 30. Rc2 Nd5 31. Ne4 Na5 32. Rbc3 Nxc3 33. Rxc3 Nc6 34. Nf6 R8d3 35. Rc2 Nd4 36. Nxd4 Rxd4 37. Rc7 R1d2 38. Kg3 Rxb2 39. Rxf7 Rd3+ 40. f3 Rdd2 41. Kg4 Rxg2+ 42. Kh5 Rg3 43. Ne4 Rxh3+ 44. Kg6 Rb3 45. Nc5 Rb5 46. Nd7 Rh4 47. Kf6 Rf4+ 48. Kxe6 Rxf7 49. Kxf7 Rb3 50. e6 Rxf3+ 51. Nf6 h5 52. e7 Re3 53. Nxh5 g4 54. e8Q Rxe8 55. Kxe8 Kb6 56. Ke7 Kc5 57. Ke6 b5 58. Nf4 Kc4 59. Kd6 a5 60. Kc6 b4 61. axb4 axb4 62. Kd6 b3 0-1

[Event "Wch Blitz"]
[Site "New York"]
[Date "2024.12.30"]
[Round "3"]
[White "Dominguez Perez, Leinier"]
[Black "Dlugy, Maxim"]
[Result "1-0"]
[WhiteElo "2741"]
[BlackElo "2514"]
[PlyCount "117"]
[EventDate "2024.12.30"]
[EventType "swiss (blitz)"]
[EventRounds "13"]
[EventCountry "USA"]
[SourceTitle "CB01_2025"]
[SourceDate "2025.01.01"]
[SourceVersion "1"]
[SourceVersionDate "2025.01.01"]
[SourceQuality "1"]

1. e4 d5 2. exd5 Qxd5 3. Nc3 Qd6 4. d4 c6 5. Nf3 Bg4 6. Be3 Nf6 7. h3 Bh5 8. g4 Bg6 9. Ne5 Nbd7 10. Nc4 Qc7 11. Qf3 e6 12. Bf4 Qd8 13. 0-0-0 Nb6 14. Ne5 Nbd5 15. h4 Nxc3 16. Qxc3 Be4 17. f3 Bd5 18. h5 Nd7 19. Qe3 b5 20. Kb1 h6 21. Rg1 Be7 22. Nxd7 Qxd7 23. Bd3 0-0-0 24. Rc1 Kb7 25. c4 bxc4 26. Bxc4 Ka8 27. Rgd1 Bd6 28. Bxd5 cxd5 29. Bxd6 Qxd6 30. Rc5 Rc8 31. Rdc1 Rxc5 32. Rxc5 Rb8 33. Qc3 Qb6 34. b3 Qb4 35. Kb2 f6 36. Rc7 Qxc3+ 37. Kxc3 Rb7 38. Rc8+ Rb8 39. Rxb8+ Kxb8 40. Kb4 e5 41. Kc5 e4 42. fxe4 dxe4 43. Kc4 Kc7 44. d5 Kd6 45. Kd4 e3 46. Kxe3 Kxd5 47. Kf4 a5 48. Kf5 Kd4 49. Kg6 Kc3 50. Kxg7 Kb2 51. Kxf6 Kxa2 52. g5 hxg5 53. h6 Kxb3 54. h7 a4 55. h8Q a3 56. Qh3+ Kb2 57. Qg2+ Kb1 58. Qe4+ Kb2 59. Qb4+ 1-0

[Event "Wch Rapid"]
[Site "New York"]
[Date "2024.12.28"]
[Round "13"]
[White "Dominguez Perez, Leinier"]
[Black "Grischuk, Alexander"]
[Result "1/2-1/2"]
[WhiteElo "2699"]
[BlackElo "2675"]
[PlyCount "23"]
[EventDate "2024.12.26"]
[EventType "swiss (rapid)"]
[EventRounds "13"]
[EventCountry "USA"]
[SourceTitle "CB01_2025"]
[SourceDate "2025.01.01"]
[SourceVersion "1"]
[SourceVersionDate "2025.01.01"]
[SourceQuality "1"]

1. e4 e5 2. Nf3 Nc6 3. Bb5 a6 4. Ba4 Nf6 5. 0-0 Be7 6. d3 b5 7. Bb3 d6 8. c3 0-0 9. h3 Na5 10. Bc2 c5 11. d4 Qc7 12. d5 1/2-1/2

[Event "Wch Rapid"]
[Site "New York"]
[Date "2024.12.28"]
[Round "11"]
[White "Dominguez Perez, Leinier"]
[Black "Jacobson, Brandon"]
[Result "1-0"]
[WhiteElo "2699"]
[BlackElo "2459"]
[PlyCount "81"]
[EventDate "2024.12.26"]
[EventType "swiss (rapid)"]
[EventRounds "13"]
[EventCountry "USA"]
[SourceTitle "CB01_2025"]
[SourceDate "2025.01.01"]
[SourceVersion "1"]
[SourceVersionDate "2025.01.01"]
[SourceQuality "1"]

1. e4 e5 2. Nf3 Nc6 3. Bc4 Bc5 4. c3 Nf6 5. d3 d6 6. 0-0 a6 7. Re1 Ba7 8. a4 h6 9. Nbd2 g5 10. b4 Nh7 11. Kh1 0-0 12. Rf1 Qf6 13. Bb3 Ne7 14. Ng1 Ng6 15. Nc4 Be6 16. Be3 Kh8 17. Bxa7 Rxa7 18. Ne3 Bxb3 19. Qxb3 Qe6 20. Qc2 Ne7 21. d4 f5 22. exf5 Nxf5 23. Rae1 Raa8 24. dxe5 Qxe5 25. Nf3 Nxe3 26. Rxe3 Qf6 27. Qe2 Rf7 28. h3 Nf8 29. Nd4 Kh7 30. Rf3 Qg6 31. Rxf7+ Qxf7 32. Qe4+ Ng6 33. Qxb7 Re8 34. Qxa6 Nf4 35. Qc6 Nd5 36. Kg1 Rf8 37. a5 g4 38. hxg4 h5 39. g5 h4 40. Qc4 Kg8 41. g6 1-0

[Event "Wch Rapid"]
[Site "New York"]
[Date "2024.12.28"]
[Round "12"]
[White "Erigaisi, Arjun Kumar"]
[Black "Dominguez Perez, Leinier"]
[Result "1/2-1/2"]
[WhiteElo "2694"]
[BlackElo "2699"]
[PlyCount "68"]
[EventDate "2024.12.26"]
[EventType "swiss (rapid)"]
[EventRounds "13"]
[EventCountry "USA"]
[SourceTitle "CB01_2025"]
[SourceDate "2025.01.01"]
[SourceVersion "1"]
[SourceVersionDate "2025.01.01"]
[SourceQuality "1"]

1. d4 d5 2. Nf3 Nf6 3. Bf4 e6 4. e3 c5 5. c3 Nc6 6. Nbd2 Be7 7. Ne5 c4 8. h4 0-0 9. b3 cxb3 10. axb3 Nxe5 11. dxe5 Ne4 12. Nxe4 dxe4 13. Qc2 Qc7 14. Be2 Bd7 15. 0-0 Bxh4 16. Qxe4 Bc6 17. Qc2 Rfd8 18. Rfd1 Rxd1+ 19. Rxd1 Rd8 20. Rd4 Be7 21. b4 b5 22. Qd2 a5 23. bxa5 Qxa5 24. f3 Rc8 25. Bg3 Be8 26. Be1 Qc7 27. f4 Bc5 28. Rd3 Bc6 29. Bf2 h6 30. Qb2 Qb6 31. Qd2 Be4 32. Rd7 Bc6 33. Rd3 Be4 34. Rd7 Bc6 1/2-1/2

[Event "Wch Rapid"]
[Site "New York"]
[Date "2024.12.28"]
[Round "10"]
[White "Sevian, Samuel"]
[Black "Dominguez Perez, Leinier"]
[Result "1/2-1/2"]
[WhiteElo "2614"]
[BlackElo "2699"]
[PlyCount "61"]
[EventDate "2024.12.26"]
[EventType "swiss (rapid)"]
[EventRounds "13"]
[EventCountry "USA"]
[SourceTitle "CB01_2025"]
[SourceDate "2025.01.01"]
[SourceVersion "1"]
[SourceVersionDate "2025.01.01"]
[SourceQuality "1"]

1. c4 c5 2. Nf3 Nf6 3. g3 Nc6 4. Bg2 d5 5. cxd5 Nxd5 6. Nc3 Nc7 7. 0-0 e5 8. a3 Rb8 9. Rb1 Be7 10. b4 cxb4 11. axb4 b5 12. Qc2 0-0 13. Nxb5 Nxb4 14. Rxb4 Bxb4 15. Nxc7 Ba5 16. Nxe5 Qxc7 17. Nc6 Bb7 18. d4 Bxc6 19. Bxc6 Bb4 20. Kg2 Rfd8 21. Bf4 Bd6 22. Be3 a5 23. Rc1 Ba3 24. Qxh7+ Kxh7 25. Be4+ Kg8 26. Rxc7 Bb2 27. Ra7 Bxd4 28. Rxa5 Bxe3 29. fxe3 Re8 30. Kf3 Rb6 31. Bd3 1/2-1/2

[Event "Wch Rapid"]
[Site "New York"]
[Date "2024.12.27"]
[Round "7"]
[White "Dominguez Perez, Leinier"]
[Black "Giri, Anish"]
[Result "1/2-1/2"]
[WhiteElo "2699"]
[BlackElo "2678"]
[PlyCount "88"]
[EventDate "2024.12.26"]
[EventType "swiss (rapid)"]
[EventRounds "13"]
[EventCountry "USA"]
[SourceTitle "CB01_2025"]
[SourceDate "2025.01.01"]
[SourceVersion "1"]
[SourceVersionDate "2025.01.01"]
[SourceQuality "1"]

1. e4 c5 2. Nf3 d6 3. d4 cxd4 4. Nxd4 Nf6 5. Nc3 a6 6. Be2 e5 7. Nb3 Be7 8. Be3 Be6 9. f4 exf4 10. Bxf4 Nc6 11. Qd2 d5 12. exd5 Nxd5 13. Nxd5 Qxd5 14. 0-0-0 Qxd2+ 15. Rxd2 0-0 16. Rhd1 Rac8 17. Bf3 b5 18. Kb1 Rfe8 19. Bxc6 Rxc6 20. Nd4 Rb6 21. Bc7 Rb7 22. Nxe6 fxe6 23. Rd7 e5 24. c3 e4 25. Kc2 Bg5 26. Bg3 Rxd7 27. Rxd7 Rd8 28. Rxd8+ Bxd8 29. c4 bxc4 30. Kc3 Bf6+ 31. Kxc4 Bxb2 32. Bf4 Kf7 33. Kd5 h5 34. h3 Ba3 35. Be3 g6 36. g4 hxg4 37. hxg4 Ke7 38. Kxe4 Ke6 39. Bf4 Bc5 40. a4 Bb6 41. Bg3 Bc5 42. Bf4 Bb6 43. Bg3 Bc5 44. Bf4 Bb6 1/2-1/2

[Event "USA-ch"]
[Site "Saint Louis"]
[Date "2024.10.21"]
[Round "9"]
[White "Sevian, Samuel"]
[Black "Dominguez Perez, Leinier"]
[Result "0-1"]
[WhiteElo "2689"]
[BlackElo "2741"]
[PlyCount "84"]
[EventDate "2024.10.11"]
[EventType "tourn"]
[EventRounds "11"]
[EventCountry "USA"]
[EventCategory "18"]
[SourceTitle "CB43_2024"]
[Source "Chessbase"]
[SourceDate "2024.10.23"]
[SourceVersion "1"]
[SourceVersionDate "2024.10.23"]
[SourceQuality "1"]

1. c4 c5 2. Nf3 Nf6 3. Nc3 Nc6 4. d4 cxd4 5. Nxd4 e6 6. g3 Qb6 7. Nb3 Ne5 8. e4 Bb4 9. Qe2 d6 10. Bd2 a5 11. f4 Nc6 12. Be3 Qd8 13. Nd2 0-0 14. a3 Bxc3 15. bxc3 b6 16. Bg2 Qc7 17. 0-0 Ba6 18. g4 Nd7 19. Rf3 f5 20. Rh3 Nf6 21. g5 Ng4 22. Kh1 d5 23. exd5 exd5 24. Bxd5+ Kh8 25. Rg1 Ne7 26. Bxa8 Rxa8 27. Bd4 Bb7+ 28. Nf3 Ng6 29. Qe6 Nxf4 30. Qxf5 Nxh3 31. Rxg4 Qe7 32. Rg3 Qe1+ 33. Kg2 Qe2+ 34. Kxh3 Bc8 35. Qxc8+ Rxc8 36. g6 Rf8 37. Ne5 Qh5+ 38. Kg2 Qe2+ 39. Kh3 Qf1+ 40. Rg2 Rf5 41. Nf7+ Kg8 42. gxh7+ Kxh7 0-1